01531cam a2200409 a 4500001001400000003000800014005001700022006001900039007001500058008004100073020003800114040003000152049002600182050002400208082001600232100002400248245011900272260003400391300004600425490004100471504004100512521001700553588004700570650004400617650005100661650004800712650003700760655002900797700002500826700003300851710001600884776003500900830004200935856010900977942001601086999001901102EDZ0000159279StDuBDS20161031105238.0m||||||||d||||||||cr |||||||||||130912s1993 caua fo| 000|0|eng d a9781483326320 (ebook) :cNo price aStDuBDSbengcStDuBDSepn aAlfaisal Main Library 0aLC1099.3b.B69 199304a370.1172231 aBowser, Benjamin P.10aConfronting diversity issues on campush[electronic resource] /cBenjamin P. Bowser, Gale S. Auletta, Terry Jones. aNewbury Park :bSAGE,cc1993. a1 online resource (xviii, 102 p.) :bill.1 aSurvival skills for scholars ;vv. 6 aIncludes bibliographical references. aSpecialized. aDescription based on print version record. 0aMulticultural educationzUnited States. 0aMinoritiesxEducation (Higher)zUnited States. 0aCollege teacherszUnited StatesxAttitudes. 0aCollege teachingzUnited States. 7aElectronic books.2local1 aYoung, Gale Auletta.1 aJones, Terry,d1942 July 28-2 aSage eBooks08iPrint version :z9780803952157 0aSurvival skills for scholars ;vv. 6.40uhttp://ezproxy.alfaisal.edu/login?url=http://sk.sagepub.com/books/confronting-diversity-issues-on-campus 2lcccEBOOKS c482568d482568